| 000 | 00567nam a22001937a 4500 | ||
|---|---|---|---|
| 005 | 20251108165209.0 | ||
| 008 | 250721s1997 xx 000 0 ara d | ||
| 082 | 1 | 4 | _a604.2/سفي |
| 100 | 1 | _aسعيد، سفيان توفيق أحمد | |
| 245 | 1 | 0 | _aأساسيات الرسم الهندسي / |
| 250 | _aط2 | ||
| 264 | 1 |
_aعمان : _bدار صفاء، _c1997. |
|
| 300 | _a297ص | ||
| 650 | 1 | 7 | _aالرسم الهندسي الاولي |
| 700 | 1 | _aالخطيب، عاهد علي | |
| 700 | 1 | _aالصول، ممدوح | |
| 942 |
_2ddc _cBK |
||
| 999 |
_c21853 _d21853 |
||